Pozdrav ze Gbell

Zobrazenie: Pohľad z výšky, ponad strechy budov na záhrady za rodinnými domami v pozadí. Medzi nimi je množstvo listnatých stromov. V pozadí vidno kostol s vežou vľavo. Celkom vpredu vľavo vidno dva komíny na streche domu

Bibliographic Details
Other Authors: Paulík, V. (fotograf) (Photographer)
Format: Postcard
Language:Slovak
PhysicalDescription:1 pohľadnica čiernobiela 9 x 14 cm
Published: Gbely Vávra, obch. [medzi 1905 a 1973?]
Subjects:

MARC

LEADER 00000ckm a2200000 a 4500
001 vtls010095145
003 SK-MaSNL
005 20260512123313.0
007 kp bo
008 200701q1905 xo g kuslo
015 |a SNBG 
040 |a SNK  |b slo  |c SNK  |e AACR2 
041 0 |a slo 
043 |a e-xo--- 
044 |a xo  |c SK 
072 7 |a 913  |x Regionálna geografia  |2 konspekt 
080 |a 913(437.6)  |2 2011 
080 |a 726:27-523.42  |2 2011 
080 |a 635.047  |2 2011 
080 |a (084.121)  |2 2011 
080 |a 728.3  |2 2011 
100 1 |a Paulík, V.  |c (fotograf)  |4 pht  |9 299868 
245 1 0 |a Pozdrav ze Gbell  |h grafika  |c fot. V. Paulík, Kyjov 
260 |a Gbely  |b Vávra, obch.  |c [medzi 1905 a 1973?]  |e [Praha]  |f SM [Moritz Shulz, tiskárna] 
300 |a 1 pohľadnica  |b čiernobiela  |c 9 x 14 cm 
500 |a Názvové údaje prevzaté z obrazovej časti pohľadnice 
520 8 |a Zobrazenie: Pohľad z výšky, ponad strechy budov na záhrady za rodinnými domami v pozadí. Medzi nimi je množstvo listnatých stromov. V pozadí vidno kostol s vežou vľavo. Celkom vpredu vľavo vidno dva komíny na streche domu 
650 0 7 |a kostoly  |2 SNKPH  |9 3023 
650 0 7 |a rodinné domy  |2 SNKPH  |9 2984 
650 0 7 |a záhrady  |2 SNKPH  |9 2730 
651 7 |a Gbely (Slovensko)  |2 SNKPHgeo  |9 58755 
655 7 |a miestne pohľadnice  |2 SNKPH  |9 70510 
958 |a GBN 
958 |a GC 
958 |a OND 
999 |c 747397  |d 749327 
952 |a SNK  |b SNK  |y PREZ  |7 0  |p 17A0656495  |o snkSP 9091  |z Pohľadnica prešla poštou.  |0 0  |1 0  |4 0  |d 2010-05-13  |f 1  |l 0  |r 2026-02-23 23:20:42  |w 2026-02-23